| 000 | 01093naa a2200289 c 4500 | ||
|---|---|---|---|
| 001 | 39260 | ||
| 003 | ES-MaCES | ||
| 005 | 20150929135828.0 | ||
| 008 | 090928n2009 sp t 000 | spa d | ||
| 035 | _aCES20090007030v | ||
| 040 |
_aES-MaCES _bspa _cES-MaCES |
||
| 100 | 1 |
_aBallester Pastor, María Amparo _96982 |
|
| 245 | 1 | 4 |
_aLos derechos sociales en la Carta Comunitaria de derechos fundamentales y en el Tratado de Lisboa _cMaría Amparo Ballester Pastor |
| 630 | 0 | 4 |
_aTratado de Lisboa _d2007 _934365 |
| 650 | 4 |
_aCarta de los Derechos Fundamentales de la Unión Europea _931616 |
|
| 650 | 4 |
_aderechos civiles _930100 |
|
| 650 | 4 |
_aconstitución _927193 |
|
| 650 | 4 |
_alegislación _927153 |
|
| 650 | 4 |
_apolítica comunitaria _930776 |
|
| 653 | 1 | 0 | _aDerecho comunitario |
| 650 | 4 |
_926752 _aUE |
|
| 650 | 4 |
_930664 _aconcertación social |
|
| 773 | 0 |
_tActualidad laboral _gn. 15 (1ª quinc. sept. 2009){10002 R. 074917}; p. 1752-1766 _w(ES-MaCES)25022 _929295 |
|
| 902 | _aART Artículo de revista | ||
| 942 |
_2CES _cAR _h6.0.5. |
||
| 999 |
_c39260 _d39260 |
||